| 000 | 01352nam0a22003131 4500 | ||
|---|---|---|---|
| 001 | v19\rc\1986569 | ||
| 005 | 20251118181226.4 | ||
| 035 | _a(NLR Aleph) 005068973 | ||
| 090 |
_a7075171 _c7075171 |
||
| 100 | _a20080623d1914 |||y0rusy50 ca | ||
| 101 | 0 | _arus | |
| 102 | _aRU | ||
| 105 | _aa z ||||| | ||
| 200 | 1 |
_aУниверсальный фрезерный станок завода Броун и Шарпа (Brown & Sharpe) и работы на нем _fИнж.-технол. Л.Л. Чермак, лаборант С.-Петерб. политехн. ин-та _gПод ред. [и с предисл.] проф. Н.Н. Саввина _gИз Мех. мастерск. Спб. политехн. ин-та |
|
| 205 | _a2-е изд., испр. и доп. | ||
| 210 |
_aСанкт-Петербург _cфототип. и тип. А.Ф. Дресслера _d1914 |
||
| 215 |
_a77 с., 3 л. черт. _cил. _d26 |
||
| 320 | _aБиблиогр.: с. 61 | ||
| 700 | 1 |
_aЧермак _bЛ. Л. _gЛеонтий Львович |
|
| 702 | 1 |
_aСаввин _bН. Н. _gНиколай Николаевич _4340 _4080 |
|
| 801 | 0 |
_aRU _bNLR _gpsbo |
|
| 801 | 0 |
_aRU _bRuMoRGB _2psbo |
|
| 801 | 1 |
_aRU _bProSoft-M _2rusmarc |
|
| 852 |
_aNLR _j37.41.4.72 |
||
| 899 |
_aRuMoRGB _jV 10/12 |
||
| 899 |
_aRuMoRGB _jU 320/15 |
||
| 899 | _aБАН | ||
| 942 | _cBOOK | ||
| 980 | _aNB | ||